000 00277nam a2200097Ia 4500
008 230822s9999 xx 000 0 und d
041 _aeng
100 _aKIANG TAN BENG
245 _aBUILDING LIVES-A COMMUNITY PROJECT WITH GAWAD KALINGA IN MANILA
260 _bCASSELL AND COMPANY
999 _c861936
_d861936